000 01042cab a2200229 4500
001 ABS37730
008 090401t1987 xxu||||| |||| 00| 0 eng d
035 _a(Sirsi) u6472
041 _aeng
100 _aSeidl, A. (ed)
245 4 _aThe Golden Triangle
260 _c1987
350 _a0
490 _aEstates Times
_vSupplement Spring 1987, 1-82
520 _aAn Estates Times supplement which looks at potential development in the " Golden Triangle "- the area stretching eastwards from Maidenhead towards London and southwards to Crawley including Gatwick and Heathrow airport s,and parts of the M3 , M4 and M25 . Includes articles on industrial property performance , planning issues, supply and demand of high-tech, business space in Croydon , retailing , leisure and residential developments. (Loan).
650 _aINDUSTRIAL MARKET
650 _aPROPERTY-COMMERCIAL PROPERTY-OFFICE PROPERTY-OFFICE PROPERTY MARKET
650 _aPROPERTY MARKET
690 _aPROPERTY LAW AND PRACTICE
942 _n0
948 _c04/03/1997
999 _c3885
_d3885